00492 a2200145 4500020001500000020001800015082001200033100002100045245005800066260004400124300002100168490006800189700002100257830006800278 a3110132125 a9783110132120 a515.3521 aDeimling, Klaus.10aMultivalued differential equations /cKlaus Deimling. a[S.l.] :bWalter De Gruyter Inc,c1992. a272 p. ;c25 cm.1 aDe gruyter series in nonlinear analysis and applications, no 1. aDeimling, Klaus. 0aDe gruyter series in nonlinear analysis and applications, no 1.